La oscuridad no miente: textos y apuntes para la continuación de la Summa ateológica
Saved in:
| Main Author: | |
|---|---|
| Format: | Book |
| Language: | Spanish |
| Published: |
Madrid
Santillana
2002
Madrid Taurus 2002 |
| Series: | Pensamiento
|
| Subjects: | |
| Tags: |
Add Tag
No Tags, Be the first to tag this record!
|
MARC
| LEADER | 00000nam a2200000 a 4500 | ||
|---|---|---|---|
| 001 | UCL4570 | ||
| 003 | CL-VaPUC | ||
| 008 | 040116e20020000sp |||||||||||||||||spa|d | ||
| 020 | |a 8430604545 | ||
| 082 | 0 | 4 | |a 194 |b BAT |2 21 |
| 100 | 0 | |a Bataille, Georges |e author |9 482157 | |
| 245 | 1 | 3 | |a La oscuridad no miente: textos y apuntes para la continuación de la Summa ateológica |
| 300 | |a 254 p | ||
| 942 | |c BK | ||
| 945 | |d 20040116 00:00:00 |a cmena | ||
| 260 | |a Madrid |b Santillana |c 2002 | ||
| 260 | |a Madrid |b Taurus |c 2002 | ||
| 650 | 0 | |a Filosofía francesa |9 255698 | |
| 650 | 0 | |a Ética |9 255099 | |
| 650 | 0 | |a Filosofía de la religión |9 256017 | |
| 650 | 0 | |a Estética |9 264950 | |
| 583 | |a last modification |c 20171212 06:14:50 |k Rodrigo Vera | ||
| 490 | 0 | |a Pensamiento | |
| 999 | |c 307392 |d 307390 | ||
| 952 | |0 0 |1 0 |4 0 |6 194_000000000000000_BAT_2002_2002 |7 0 |8 A |9 373323 |a BIBART |b BIBART |d 2019-11-21 |i 3978109 |o 194 BAT 2002 2002 |p 3978109 |r 2025-03-13 |w 2019-11-21 |y BK |k ART | ||